Religion Quiz

Random Religion or Verse Quiz

Word Ladder Bible Quotes Quiz Stats

Quiz not verified by Sporcle

Challenge
Share
Tweet
Embed
Score 0/20 Timer 06:00
0 Plays Today
Hint Answer % Correct
'I am the resurrection and the life. The one who believes in me will ...., even though they die'Live
92.9%
'.... is patient, .... is kind'Love
92.6%
'For God so loved the world that he .... his one and only Son'Gave
90.1%
'he must be killed and after three days .... again'Rise
85.5%
'.... careful thought to the paths for your feet and be steadfast in all your ways.'Give
85.5%
'Whoever tries to keep their life will .... it, and whoever ....s their life will preserve it'Lose
85.1%
'who stay up .... at night till they are inflamed with wine'Late
84.8%
'bring in the poor, the crippled, the blind and the ....'Lame
83%
'Noah was six hundred years old when the floodwaters ...'Came
80.5%
'but where is the .... for the burnt offering?'Lamb
80.1%
Hint Answer % Correct
'each .... made of a single pearl'Gate
79.4%
'he took a knife and cut up his concubine, .... by ....'Limb
79.4%
'Every hand will go ....; every leg will be wet with urine'Limp
77.7%
'Your word is a .... for my feet'Lamp
77.7%
'Queen Vashti refused to ....'Come
77.3%
'For the Son of Man came to seek and to save the ....'Lost
76.6%
When Jacob saw them, he said, “This is the .... of God!”Camp
72.3%
'a heavy rain started falling and Ahab .... off to Jezreel'Rode
65.6%
'In your majesty .... forth victoriously in the cause of truth, humility and justice'Ride
64.9%
'by the Spirit, not by the written ...'Code
64.2%

You're not logged in!

Compare scores with friends on all Sporcle quizzes.
Sign Up with Email
OR
Log In

You Might Also Like...

Show Comments

Extras

Curator's Pick Dec 9, 2016ReportNominate
Tags:Bible Quiz, Verse Quiz, Word Ladder Quiz

Top Quizzes Today


Score Distribution

Your Account Isn't Verified!

In order to create a playlist on Sporcle, you need to verify the email address you used during registration. Go to your Sporcle Settings to finish the process.